000 00337nam a22001337a 4500
999 _c1813
_d1813
003 OSt
005 20170801123908.0
008 160705b xxu||||| |||| 00| 0 eng d
040 _cTEST
100 _a Standard Educational Corporation
_93814
245 _aNew Standard Encyclopedia (VOL - 9)
300 _aNew Standard Encyclopedia
942 _2ddc
_cBK